<?xml version="1.0" encoding="UTF-8"?>
<record
    xmlns:xsi="http://www.w3.org/2001/XMLSchema-instance"
    xsi:schemaLocation="http://www.loc.gov/MARC21/slim http://www.loc.gov/standards/marcxml/schema/MARC21slim.xsd"
    xmlns="http://www.loc.gov/MARC21/slim">

  <leader>01087nam a22003493a 4500</leader>
  <datafield tag="999" ind1=" " ind2=" ">
    <subfield code="c">23267</subfield>
    <subfield code="d">23267</subfield>
  </datafield>
  <controlfield tag="001">vtls000397884</controlfield>
  <controlfield tag="005">20220708132714.0</controlfield>
  <controlfield tag="008">080912s2008    xo o   g nd   000 0 slo d</controlfield>
  <datafield tag="020" ind1=" " ind2=" ">
    <subfield code="a">9788070908754 (viaz.)</subfield>
  </datafield>
  <datafield tag="035" ind1=" " ind2=" ">
    <subfield code="a">a000397884</subfield>
  </datafield>
  <datafield tag="040" ind1=" " ind2=" ">
    <subfield code="a">UKB</subfield>
    <subfield code="b">slo</subfield>
    <subfield code="c">UKB</subfield>
    <subfield code="e">AACR2</subfield>
  </datafield>
  <datafield tag="041" ind1="0" ind2=" ">
    <subfield code="a">slo</subfield>
  </datafield>
  <datafield tag="044" ind1=" " ind2=" ">
    <subfield code="a">xo</subfield>
    <subfield code="c">SK</subfield>
  </datafield>
  <datafield tag="072" ind1=" " ind2="7">
    <subfield code="a">061.2</subfield>
    <subfield code="x">Mimovl&#xE1;dne organiz&#xE1;cie a kooper&#xE1;cia</subfield>
    <subfield code="2">konspekt</subfield>
  </datafield>
  <datafield tag="080" ind1=" " ind2=" ">
    <subfield code="a">061.2</subfield>
    <subfield code="2">2004</subfield>
  </datafield>
  <datafield tag="080" ind1=" " ind2=" ">
    <subfield code="a">316.7</subfield>
    <subfield code="2">2004</subfield>
  </datafield>
  <datafield tag="080" ind1=" " ind2=" ">
    <subfield code="a">(437.6)</subfield>
    <subfield code="2">2004</subfield>
  </datafield>
  <datafield tag="080" ind1=" " ind2=" ">
    <subfield code="a">(082.2)</subfield>
    <subfield code="2">2004</subfield>
  </datafield>
  <datafield tag="100" ind1="1" ind2=" ">
    <subfield code="a">Eli&#xE1;&#x161;, Michal,</subfield>
    <subfield code="d">1934-</subfield>
    <subfield code="9">3176</subfield>
  </datafield>
  <datafield tag="245" ind1="1" ind2="0">
    <subfield code="a">Zlat&#xE1; kniha Matice slovenskej</subfield>
    <subfield code="c">Michal Eli&#xE1;&#x161;, &#x160;tefan Haviar</subfield>
  </datafield>
  <datafield tag="260" ind1=" " ind2=" ">
    <subfield code="a">Martin</subfield>
    <subfield code="b">Matica slovensk&#xE1;</subfield>
    <subfield code="c">2008</subfield>
  </datafield>
  <datafield tag="300" ind1=" " ind2=" ">
    <subfield code="a">105 s.</subfield>
    <subfield code="b">fot.</subfield>
  </datafield>
  <datafield tag="500" ind1=" " ind2=" ">
    <subfield code="a">Vyd. v spolupr.s Neografiou, a.s. Martin</subfield>
  </datafield>
  <datafield tag="610" ind1="2" ind2="7">
    <subfield code="a">Matica slovensk&#xE1; (Martin, Slovensko)</subfield>
    <subfield code="2">UKBPH</subfield>
    <subfield code="9">3177</subfield>
  </datafield>
  <datafield tag="650" ind1="0" ind2="7">
    <subfield code="a">kult&#xFA;rne in&#x161;tit&#xFA;cie a organiz&#xE1;cie</subfield>
    <subfield code="z">Slovensko</subfield>
    <subfield code="2">UKBPH</subfield>
    <subfield code="9">3178</subfield>
  </datafield>
  <datafield tag="653" ind1=" " ind2=" ">
    <subfield code="a">061.2</subfield>
  </datafield>
  <datafield tag="653" ind1=" " ind2=" ">
    <subfield code="a">316.7</subfield>
  </datafield>
  <datafield tag="653" ind1=" " ind2=" ">
    <subfield code="a">(437.6)</subfield>
  </datafield>
  <datafield tag="653" ind1=" " ind2=" ">
    <subfield code="a">(082.2)</subfield>
  </datafield>
  <datafield tag="655" ind1=" " ind2="7">
    <subfield code="a">jubilejn&#xE9; publik&#xE1;cie</subfield>
    <subfield code="2">UKBPH</subfield>
    <subfield code="9">2323</subfield>
  </datafield>
  <datafield tag="700" ind1="1" ind2=" ">
    <subfield code="a">Haviar, &#x160;tefan</subfield>
    <subfield code="4">aut</subfield>
    <subfield code="9">3179</subfield>
  </datafield>
  <datafield tag="952" ind1=" " ind2=" ">
    <subfield code="0">0</subfield>
    <subfield code="1">0</subfield>
    <subfield code="2">udc</subfield>
    <subfield code="4">0</subfield>
    <subfield code="7">0</subfield>
    <subfield code="8">D</subfield>
    <subfield code="a">10000</subfield>
    <subfield code="b">10000</subfield>
    <subfield code="d">2022-07-08</subfield>
    <subfield code="i">21600</subfield>
    <subfield code="l">1</subfield>
    <subfield code="o">S1525</subfield>
    <subfield code="p">S1525</subfield>
    <subfield code="r">2023-03-24</subfield>
    <subfield code="s">2023-03-15</subfield>
    <subfield code="w">2022-07-08</subfield>
    <subfield code="y">OLDO</subfield>
  </datafield>
</record>
